Normal view
MARC view
- ENGINEERING MATHEMATICS APPROXIMATION METHODS APPROXIMATION THEORY DATA PROCESSING FORTRAN (COMPUTER PROGRAM LANGUAGE)
Entry Topical Term
001 - CONTROL NUMBER
- control field: 66498
003 - CONTROL NUMBER IDENTIFIER
- control field: NUST
005 - DATE AND TIME OF LATEST TRANSACTION
- control field: 20210628203613.0
008 - FIXED-LENGTH DATA ELEMENTS
- fixed length control field: 210628|| aca||aabn | a|a d
040 ## - CATALOGING SOURCE
- Original cataloging agency: NUST
- Transcribing agency: NUST
150 ## - HEADING--TOPICAL TERM
- Topical term or geographic name entry element: ENGINEERING MATHEMATICS APPROXIMATION METHODS APPROXIMATION THEORY DATA PROCESSING FORTRAN (COMPUTER PROGRAM LANGUAGE)
670 ## - SOURCE DATA FOUND
- Source citation: Work cat.: (NUST): Orzag, S. A , Brebbia, C. A 66497, Lecture notes in engineering, 1987
